Loading...
Science - Physics | 0 | 5 | 1 | 0 | 45 | 32 | 65.40 | 1 | 3 |
History - American History | 0 | 3 | 0 | 0 | 30 | 62 | 73.00 | 0 | 1 |
History - World History | 0 | 3 | 0 | 0 | 30 | 65 | 81.00 | 0 | 0 |
Science - Chemistry | 0 | 2 | 0 | 1 | 20 | 60 | 78.50 | 0 | 1 |
Current Events | 0 | 2 | 0 | 2 | 20 | 60 | 67.50 | 1 | 1 |
History - Other History | 0 | 2 | 0 | 1 | 20 | 80 | 97.00 | 0 | 0 |
Science - Biology | 0 | 1 | 0 | 0 | 10 | 68 | 68.00 | 0 | 1 |
Literature - British Literature | 0 | 1 | 0 | 0 | 10 | 110 | 110.00 | 0 | 0 |
Literature - World Literature | 0 | 1 | 0 | 0 | 10 | 98 | 98.00 | 0 | 0 |
Religion | 0 | 1 | 0 | 0 | 10 | 62 | 62.00 | 1 | 1 |
Philosophy | 0 | 1 | 1 | 0 | 5 | 103 | 103.00 | 0 | 0 |
History - European History | 0 | 1 | 1 | 0 | 5 | 59 | 59.00 | 0 | 0 |
Mythology | 0 | 0 | 0 | 0 | 0 | 0.00 | 0 | 0 | |
Pop Culture | 0 | 0 | 1 | 0 | -5 | 0.00 | 0 | 0 | |
Literature - European Literature | 0 | 0 | 1 | 0 | -5 | 0.00 | 0 | 0 | |
Geography | 0 | 0 | 1 | 0 | -5 | 0.00 | 0 | 0 | |
Social Science | 0 | 1 | 3 | 0 | -5 | 79 | 79.00 | 1 | 1 |
Science - Other Science | 0 | 0 | 2 | 0 | -10 | 0.00 | 0 | 0 |